[Event "Chigorin Memorial 30th"]
[Site "St Petersburg"]
[Date "2023.10.25"]
[Round "5"]
[White "Tikhonov, Viacheslav"]
[Black "Nikolaev, Nikita S"]
[Result "1-0"]
[WhiteElo "2177"]
[BlackElo "1974"]
[PlyCount "77"]
[EventDate "2023.10.21"]
[EventType "swiss"]
[EventRounds "9"]
[EventCountry "RUS"]
[SourceTitle "Mega2024 Update 01"]
[Source "Chessbase"]
[SourceDate "2023.11.12"]
[SourceVersion "1"]
[SourceVersionDate "2023.11.12"]
[SourceQuality "1"]

1. d4 Nf6 2. c4 e6 3. g3 Bb4+ 4. Bd2 a5 5. Nf3 d5 6. Bg2 dxc4 7. a3 Be7 8. Qa4+ Nbd7 9. Qxc4 0-0 10. 0-0 b6 11. Ne5 Nxe5 12. dxe5 Nd5 13. e4 b5 14. Qxb5 Ba6 15. Qc6 Bxf1 16. Bxf1 Nb6 17. Be3 Qd7 18. Bb5 Qxc6 19. Bxc6 Rad8 20. Nd2 f6 21. Rc1 fxe5 22. Nb3 a4 23. Nc5 Bxc5 24. Rxc5 Rd3 25. Rc2 Rb3 26. Bd2 Rd8 27. Bc3 Rxc3 28. Rxc3 Kf8 29. Rc2 Rd3 30. Bb5 Rb3 31. Bf1 Na8 32. Rc4 Rxb2 33. Rxa4 Nb6 34. Ra7 c5 35. a4 Rb1 36. Kg2 Ke8 37. Rb7 Rxf1 38. Kxf1 Nxa4 39. Rxg7 1-0

[Event "St Petersburg Korchnoi Memorial op"]
[Site "St Petersburg"]
[Date "2023.08.24"]
[Round "9"]
[White "Rostovtsev, Dmitry"]
[Black "Nikolaev, Nikita S"]
[Result "1-0"]
[WhiteElo "2253"]
[BlackElo "1984"]
[PlyCount "64"]
[EventDate "2023.08.18"]
[EventType "swiss"]
[EventRounds "9"]
[EventCountry "RUS"]
[SourceTitle "EXT 2024"]
[Source "ChessBase"]
[SourceDate "2023.10.10"]
[SourceVersion "1"]
[SourceVersionDate "2023.10.10"]
[SourceQuality "1"]

1. d4 Nf6 2. c4 e6 3. Nc3 Bb4 4. e3 0-0 5. Bd3 Re8 6. Nge2 d5 7. 0-0 Nbd7 8. cxd5 exd5 9. Qc2 Be7 10. Rd1 b6 11. Ng3 Bb7 12. b3 Rc8 13. Bb2 g6 14. Qe2 Bf8 15. Rac1 Bg7 16. Nb5 a6 17. Na7 Ra8 18. Nc6 Bxc6 19. Rxc6 Nb8 20. Rc2 Ne4 21. Rdc1 c6 22. Bxe4 dxe4 23. Nf1 Ra7 24. Nd2 Rd7 25. Nc4 Rd5 26. b4 h5 27. a4 Nd7 28. a5 b5 29. Nb6 Nxb6 30. axb6 Qxb6 31. Rxc6 Qb7 32. Qc2 Bf8 1-0

[Event "St Petersburg Korchnoi Memorial op"]
[Site "St Petersburg"]
[Date "2023.08.23"]
[Round "8"]
[White "Nikolaev, Nikita S"]
[Black "Averyanov, Grigori"]
[Result "1/2-1/2"]
[WhiteElo "1984"]
[BlackElo "2173"]
[PlyCount "92"]
[EventDate "2023.08.18"]
[EventType "swiss"]
[EventRounds "9"]
[EventCountry "RUS"]
[SourceTitle "EXT 2024"]
[Source "ChessBase"]
[SourceDate "2023.10.10"]
[SourceVersion "1"]
[SourceVersionDate "2023.10.10"]
[SourceQuality "1"]

1. d4 Nf6 2. c4 g6 3. g3 Bg7 4. Bg2 0-0 5. Nf3 c5 6. d5 d6 7. 0-0 e6 8. Nc3 exd5 9. cxd5 Re8 10. Re1 Na6 11. e4 Bg4 12. h3 Bxf3 13. Bxf3 Nd7 14. Be2 Nc7 15. Qc2 Rb8 16. a4 a6 17. a5 b5 18. axb6 Rxb6 19. Be3 Nb5 20. Nxb5 axb5 21. Ra7 Rb8 22. Bxb5 Rxb5 23. Qa4 Qb8 24. Rxd7 Rb4 25. Qc6 Rbxe4 26. Qxd6 Qb4 27. Rf1 Qxb2 28. Rd8 h5 29. Rxe8+ Rxe8 30. Qc6 Qe5 31. d6 Rd8 32. Rd1 Qe6 33. Bxc5 h4 34. g4 Qb3 35. Re1 Qxh3 36. Re8+ Rxe8 37. Qxe8+ Kh7 38. Qe2 Qb3 39. d7 Qd5 40. Qe7 h3 41. Qh4+ Bh6 42. Qxh3 Qd1+ 43. Kh2 Qxd7 44. Be3 Qd6+ 45. Kg2 Qd5+ 46. Kg3 g5 1/2-1/2

[Event "St Petersburg Korchnoi Memorial op"]
[Site "St Petersburg"]
[Date "2023.08.19"]
[Round "2"]
[White "Nikolaev, Nikita S"]
[Black "Galaktionov, Artem"]
[Result "1/2-1/2"]
[WhiteElo "1984"]
[BlackElo "2329"]
[PlyCount "54"]
[EventDate "2023.08.18"]
[EventType "swiss"]
[EventRounds "9"]
[EventCountry "RUS"]
[SourceTitle "EXT 2024"]
[Source "ChessBase"]
[SourceDate "2023.10.10"]
[SourceVersion "1"]
[SourceVersionDate "2023.10.10"]
[SourceQuality "1"]

1. d4 d5 2. c4 e6 3. g3 Nf6 4. Bg2 Bb4+ 5. Bd2 Be7 6. Nf3 0-0 7. 0-0 c6 8. Qc2 Nbd7 9. Rd1 b6 10. b3 Ba6 11. Bc1 Rc8 12. Bb2 c5 13. Nc3 dxc4 14. d5 exd5 15. Nxd5 Nxd5 16. Rxd5 Bb7 17. Rd2 Qc7 18. Qf5 Rfd8 19. bxc4 Nf6 20. Rad1 Rxd2 21. Rxd2 Rd8 22. Be5 Qc8 23. Qf4 Ne4 24. Rd3 f6 25. Bb2 Nd6 26. Nd2 Bxg2 27. Kxg2 Qe6 1/2-1/2

[Event "Chigorin Memorial 29th"]
[Site "St Petersburg"]
[Date "2022.10.22"]
[Round "1"]
[White "Borshch, Alexei"]
[Black "Nikolaev, Nikita S"]
[Result "1/2-1/2"]
[WhiteElo "1402"]
[BlackElo "2036"]
[PlyCount "71"]
[EventDate "2022.10.22"]
[EventType "swiss"]
[EventRounds "9"]
[EventCountry "RUS"]
[SourceTitle "EXT 2024"]
[Source "ChessBase"]
[SourceDate "2023.10.10"]
[SourceVersion "1"]
[SourceVersionDate "2023.10.10"]
[SourceQuality "1"]

1. Nf3 Nf6 2. c4 e6 3. d4 b6 4. g3 Bb7 5. Bg2 Bb4+ 6. Bd2 Bxd2+ 7. Nbxd2 d6 8. 0-0 Nbd7 9. Qc2 Qe7 10. e4 e5 11. d5 a5 12. b3 0-0 13. a3 Ra7 14. Ra2 Rfa8 15. Rfa1 Qe8 16. b4 Qc8 17. Bh3 c6 18. Qb2 Qc7 19. Bg2 Qd8 20. h3 g6 21. Kh2 Kg7 22. Ne1 h5 23. Nd3 h4 24. g4 axb4 25. axb4 Rxa2 26. Rxa2 b5 27. dxc6 Bxc6 28. c5 Rxa2 29. Qxa2 Nf8 30. Qc2 Ne6 31. Qc3 g5 32. Kh1 Nd4 33. cxd6 Qxd6 34. Qc5 Qxc5 35. Nxc5 Kf8 36. Ndb3 1/2-1/2

[Event "Anapa Sea Harbor Cup"]
[Site "Anapa"]
[Date "2022.06.03"]
[Round "2"]
[White "Nikolaev, Nikita S"]
[Black "Moiseenko, Vadim"]
[Result "0-1"]
[WhiteElo "2053"]
[BlackElo "2545"]
[PlyCount "76"]
[EventDate "2022.06.02"]
[EventType "swiss"]
[EventRounds "9"]
[EventCountry "RUS"]
[SourceTitle "CBM 208 Extra"]
[Source "ChessBase"]
[SourceDate "2022.07.31"]
[SourceVersion "1"]
[SourceVersionDate "2022.07.31"]
[SourceQuality "1"]

1. d4 Nf6 2. c4 e6 3. g3 d5 4. Bg2 dxc4 5. Qa4+ Bd7 6. Qxc4 Bc6 7. Nf3 Nbd7 8. 0-0 Bd6 9. Nc3 Rb8 10. Bg5 0-0 11. a4 h6 12. Bxf6 Nxf6 13. Rfe1 Bxf3 14. Bxf3 c6 15. b4 Rc8 16. Qb3 Qb6 17. b5 Qxd4 18. Reb1 Be5 19. Rc1 Nd5 20. e3 Qb6 21. a5 Qd8 22. a6 bxa6 23. bxc6 Nxc3 24. Rxc3 Qf6 25. Kg2 Bxc3 26. Rxa6 Rc7 27. Ra4 Be5 28. h4 Qe7 29. Qb5 Qd6 30. Ra5 Bc3 31. Ra4 Rd8 32. Rc4 Bf6 33. Qa5 Rb8 34. Rc1 Rb6 35. Qa4 Rb2 36. Rd1 Qb4 37. Qa6 Qb6 38. Qc4 Qxe3 0-1

[Event "Chigorin Memorial 28th"]
[Site "St Petersburg"]
[Date "2021.10.31"]
[Round "9"]
[White "Klepikov, Nikita"]
[Black "Nikolaev, Nikita S"]
[Result "0-1"]
[WhiteElo "2199"]
[BlackElo "1937"]
[PlyCount "120"]
[EventDate "2021.10.23"]
[EventType "swiss"]
[EventRounds "9"]
[EventCountry "RUS"]
[SourceTitle "EXT 2023"]
[Source "ChessBase"]
[SourceDate "2022.10.05"]
[SourceVersion "1"]
[SourceVersionDate "2022.10.05"]
[SourceQuality "1"]

1. e4 c5 2. Nf3 e6 3. d4 cxd4 4. Nxd4 Nf6 5. Nc3 d6 6. g4 h6 7. Rg1 Nc6 8. h4 g6 9. g5 hxg5 10. Bxg5 Be7 11. Ndb5 a6 12. Nxd6+ Bxd6 13. Bxf6 Qxf6 14. Qxd6 Qe5 15. Qd2 Rxh4 16. 0-0-0 Qf4 17. Qxf4 Rxf4 18. Rh1 Ke7 19. Na4 Bd7 20. Rxd7+ Kxd7 21. Nb6+ Kd6 22. Nxa8 Rxf2 23. Nb6 Kc5 24. Na4+ Kd4 25. Nc3 g5 26. Be2 Ne5 27. Rg1 f6 28. Rg3 Rh2 29. Kd1 Rh4 30. Bd3 Nf7 31. Ne2+ Ke5 32. Re3 g4 33. c3 Ng5 34. Nd4 Rh2 35. Ne2 Rh3 36. Rxh3 gxh3 37. Ng3 Kf4 38. Nh1 Kf3 39. Ke1 h2 40. Nf2 Nh3 41. Be2+ Kg3 42. Nh1+ Kg2 43. Bg4 Nf4 44. c4 e5 45. b4 Nd3+ 46. Ke2 Nxb4 47. Bf3+ Kh3 48. a3 Nc2 49. a4 Nd4+ 50. Kf2 a5 51. Ng3 b6 52. Bg2+ Kg4 53. Nf1 Nb3 54. Ne3+ Kh4 55. Nd5 Nc5 56. Nxb6 Nd3+ 57. Ke3 Kg3 58. Bf3 Ne1 59. Bh1 Kg4 60. Kd2 Nf3+ 0-1

[Event "Chigorin Memorial 28th"]
[Site "St Petersburg"]
[Date "2021.10.28"]
[Round "6"]
[White "Nikolaev, Nikita S"]
[Black "Barkasheva, Sofia"]
[Result "1-0"]
[WhiteElo "1937"]
[BlackElo "1605"]
[PlyCount "81"]
[EventDate "2021.10.23"]
[EventType "swiss"]
[EventRounds "9"]
[EventCountry "RUS"]
[SourceTitle "EXT 2023"]
[Source "ChessBase"]
[SourceDate "2022.10.05"]
[SourceVersion "1"]
[SourceVersionDate "2022.10.05"]
[SourceQuality "1"]

1. d4 Nf6 2. c4 g6 3. g3 Bg7 4. Bg2 0-0 5. Nc3 d6 6. Nf3 c5 7. 0-0 Nc6 8. d5 Na5 9. Qd3 a6 10. Rb1 e6 11. Nd2 exd5 12. cxd5 b5 13. Nde4 Ng4 14. Qc2 b4 15. Nd1 b3 16. axb3 Rb8 17. Bg5 f6 18. Bf4 Ne5 19. Bxe5 fxe5 20. Nd2 Rf7 21. Ra1 Rfb7 22. Ra3 Bf5 23. e4 Bg4 24. Ne3 Bd7 25. Rfa1 Rb5 26. Bf1 c4 27. Nexc4 Nxc4 28. Bxc4 Rc5 29. Rxa6 Bh3 30. Rc6 Rc8 31. Raa6 Bf8 32. b4 R5xc6 33. dxc6+ Kh8 34. Bf1 Be6 35. b5 Bh6 36. b6 Ra8 37. b7 Rc8 38. bxc8Q Bxc8 39. c7 Qd7 40. Ra8 Bf8 41. Rxc8 1-0

[Event "Chigorin Memorial 28th"]
[Site "St Petersburg"]
[Date "2021.10.26"]
[Round "4"]
[White "Bashirli, Nail Qoshqar"]
[Black "Nikolaev, Nikita S"]
[Result "1-0"]
[WhiteElo "2382"]
[BlackElo "1937"]
[PlyCount "109"]
[EventDate "2021.10.23"]
[EventType "swiss"]
[EventRounds "9"]
[EventCountry "RUS"]
[SourceTitle "EXT 2023"]
[Source "ChessBase"]
[SourceDate "2022.10.05"]
[SourceVersion "1"]
[SourceVersionDate "2022.10.05"]
[SourceQuality "1"]

1. e4 c5 2. Nc3 e6 3. Nf3 a6 4. g3 b5 5. Bg2 Bb7 6. d3 Be7 7. 0-0 d6 8. Re1 Nf6 9. e5 dxe5 10. Nxe5 Bxg2 11. Kxg2 0-0 12. Qf3 Ra7 13. a4 b4 14. Ne4 Nfd7 15. Nxd7 Rxd7 16. Be3 Rd5 17. Rad1 Nc6 18. Kh1 b3 19. cxb3 Ne5 20. Qe2 Nxd3 21. Rf1 Ne5 22. f3 Qa8 23. Rxd5 Qxd5 24. Rd1 Qxb3 25. Bxc5 Rd8 26. Nd2 Qc2 27. Bxe7 Rd3 28. Bb4 Nxf3 29. Kg2 h5 30. Bc3 h4 31. Rf1 h3+ 32. Kxh3 Nxd2 33. Rf2 Rd5 34. Bxd2 Qxb2 35. Kg2 Qa2 36. a5 Qc2 37. Qe3 Qc6 38. Qf3 Qd7 39. Bc3 Rd3 40. Qa8+ Kh7 41. Qe4+ f5 42. Qh4+ Kg6 43. Qc4 Rd5 44. Re2 Kf7 45. Qxa6 Rc5 46. Bb4 Qd5+ 47. Kh3 Rc4 48. Qd6 Rh4+ 49. Kxh4 Qc4+ 50. Qf4 Qxe2 51. g4 Kg6 52. Bc3 Kh7 53. gxf5 Qc2 54. Qg3 Qe4+ 55. Qg4 1-0